Kreisfreie Städte Deutschlands, die mit 'n' enden - Statistiken

Allgemein
  • Dieses Quiz wurde 26 mal gespielt
    7 seit der letzten Aktualisierung
  • Das Durchschnittsergebnis liegt bei 15 aus 28
Antwortstatistiken
Kreisfreie Stadt % Korrekt
Dresden
100%
Essen
100%
München
100%
Aachen
75%
Berlin
75%
Bonn
75%
Bremen
75%
Gelsenkirchen
75%
Köln
75%
Schwerin
75%
Solingen
75%
Wiesbaden
75%
Emden
50%
Erlangen
50%
Hagen
50%
Ludwigshafen am Rhein
50%
Memmingen
50%
Wilhelmshaven
50%
Zweibrücken
50%
Baden-Baden
25%
Bremerhaven
25%
Heilbronn
25%
Kaiserslautern
25%
Kaufbeuren
25%
Kempten (Allgäu)
25%
Leverkusen
25%
Oberhausen
25%
Weiden in der Oberpfalz
0%
Keine übereinstimmenden Quizze gefunden
Verteilung der Resultate
Anzahl Personen mit jedem Resultat
Perzentil nach korrekt beantworteten Fragen
Ihre Resultats-Entwicklung
Sie haben dieses Quiz seit der letzten Aktualisierung nicht gespielt